000 01029nam a22002777a 4500
005 20130115102011.0
008 130115t xxu||||| |||| 00| 0 eng d
010 _aENG-106563
020 _a0198089600
_c395.00
020 _a9780198089605
_c395.00
035 _aEN-90096
037 _bDBAD / PUB
040 _adpl
_bEnglish
082 _a346.540486
100 _928493
_aKankanala, Kalyan C.
245 _aIndian patent law and practice /
_cby Kalyan C. Kankanala; Arun K. Narasani [ and] Vinita Radhakrishnam
260 _aNew Delhi
_bOxford University Press
_c2012
270 _aYMCA Library Building, Jai Singh Road
_bNew Delhi
_e110001
300 _axxiii,353 p.
_c22cm (pbk)
650 _928496
650 _928522
700 _928520
_aNarasani, Arun K.
700 _aVinita Radhakrishnam
_928899
942 _2ddc
_cEN
_mKAN
_h346.540486
999 _c72960
_d72960